| 000 | 00659nam a22002172 4500 | ||
|---|---|---|---|
| 001 | 0000013017 | ||
| 005 | 20151217152119.0 | ||
| 008 | 090520s xx 000 0 eng d | ||
| 020 | _a0070494835 : | ||
| 040 |
_aKABU _cKABU |
||
| 100 | 1 |
_aKahate, Atul. _@0000156333 |
|
| 245 | 1 | 0 |
_aCryptography and network security / _cAtul Kahate. |
| 250 | _a1st ed. | ||
| 260 |
_aNew Delhi : _bTata McGraw-Hill, _c2003. |
||
| 300 | _axxii, 435 p. | ||
| 650 | 0 |
_aComputer networks _xSecurity meaqsures. _@0000151349 |
|
| 650 | 0 |
_aComputer security. _@0000148177 |
|
| 852 | 1 | _9p2600 KES | |
| 908 | _a090520 | ||
| 950 | _@1 | ||
| 999 |
_c8405 _d8405 |
||